Limited government and the Bill of Rights /

Bibliographic Details
Main Author: Garry, Patrick M.
Corporate Author: ebrary, Inc
Format: eBook
Language:English
Published: Columbia, Mo. ; London : University of Missouri Press, [2012]
Subjects:
Online Access:Connect to the full text of this electronic book

MARC

Tag First Indicator Second Indicator Subfields
LEADER 00000cam a2200000Ia 4500
001 in00002781064
006 m d
007 cr cn|||||||||
008 111130s2012 mou ob 001 0 eng d
005 20250816210705.2
020 |z 0826219713 
020 |z 9780826219718 
020 |z 9780826272720 
035 |a (CaPaEBR)ebr10580574 
040 |a CaPaEBR  |c CaPaEBR  |d UtOrBLW 
050 1 4 |a KF4749  |b .G37 2012eb 
100 1 |a Garry, Patrick M. 
245 1 0 |a Limited government and the Bill of Rights /  |c Patrick M. Garry. 
264 1 |a Columbia, Mo. ;  |a London :  |b University of Missouri Press,  |c [2012] 
264 4 |c ©2012 
300 |a 1 online resource (197 pages)  
336 |a text  |b txt  |2 rdacontent 
337 |a computer  |b c  |2 rdamedia 
338 |a online resource  |b cr  |2 rdacarrier 
504 |a Includes bibliographical references and index. 
500 |a Electronic resource. 
610 1 0 |a United States.  |t Constitution.  |n 1st-10th Amendments. 
610 1 0 |a United States.  |b Supreme Court  |x Decision making. 
650 0 |a Constitutional law  |z United States. 
650 0 |a Constitutional history  |z United States. 
655 7 |a Electronic books.  |2 local 
710 2 |a ebrary, Inc. 
856 4 0 |u https://ebookcentral.proquest.com/lib/tamucs/detail.action?docID=3440800  |y Connect to the full text of this electronic book  |t 0 
980 |a 120807  |b 45  |c USD  |e 67.5  |f YBP_EBR0000039956  |g 1 
999 f f |s 8ec6bca5-85cb-345c-8b88-65db2195a2c4  |i 48f92331-28d1-3f1c-9c59-58672269a160  |t 0 
999 |a MARS 
952 f f |a Texas A&M University  |b College Station  |c Electronic Resources  |d Available Online  |t 0  |e KF4749 .G37 2012eb  |h Library of Congress classification 
998 f f |a KF4749 .G37 2012eb  |t 0  |l Available Online